| 000 | 01175nam0a2200289 4500 | ||
|---|---|---|---|
| 001 | RU\NLR\bibl\7585 | ||
| 005 | 20250615010207.0 | ||
| 010 |
_a5-88-444-056-1 _92000 |
||
| 021 |
_aRU _b98-9102 _9429 |
||
| 035 | _a(NLR Aleph) 000007400 | ||
| 090 |
_a22862 _c22862 |
||
| 100 | _a19981112d1998 |||y0rusy50 ca | ||
| 101 | 0 | _arus | |
| 102 | _aRU | ||
| 105 | _a||||||||||||| | ||
| 200 | 1 |
_aТормозные системы АБС _eУстройство, принцип действия, проверка и регулировка _e[Диагностика неисправностей] |
|
| 210 |
_aМ. _cАссоц. независимых изд. _d1998 |
||
| 215 |
_a69 с. _cил. _d28 |
||
| 225 | 1 | _aСер. "Авторемонт" | |
| 606 | 0 |
_aАвтомобильные тормоза _xАнтиблокировочные приспособления _9897579 _3RU\NLR\auth\665557 |
|
| 606 | 0 |
_aАвтомобильные тормоза _xАнтиблокировочные системы _92088183 _3RU\NLR\auth\661264158 |
|
| 686 | _aО33-042.730.6 | ||
| 801 | 0 |
_aRU _bNLR _c19981112 _gPSBO |
|
| 801 | 1 |
_aRU _bNLR _c19981112 |
|
| 852 |
_aNLR _j98-8/436 |
||
| 942 | _cBOOK | ||
| 980 | _aNB | ||